Eco-friendly Pest control in Vegetable fields using Botanicals from Jute (Corchorus Capsularies) / (Record no. 78777)
[ view plain ]
| 000 -LEADER | |
|---|---|
| fixed length control field | 00961nam a2200229 4500 |
| 001 - CONTROL NUMBER | |
| control field | 78777 |
| 003 - CONTROL NUMBER IDENTIFIER | |
| rucl marc code | BD-RjUL |
| 005 - DATE AND TIME OF LATEST TRANSACTION | |
| control field | 20211209083154.0 |
| 008 - FIXED-LENGTH DATA ELEMENTS--GENERAL INFORMATION | |
| fixed length control field | 211114s2015 bg a|||| |||| 00| 0 eng d |
| 035 ## - SYSTEM CONTROL NUMBER | |
| System control number | (BD-RjUL)79004 |
| 040 ## - CATALOGING SOURCE | |
| Original cataloging agency | BD-RjUL |
| Language of cataloging | eng |
| Transcribing agency | BD-RjUL |
| Modifying agency | BD-RjUL |
| 082 ## - DEWEY DECIMAL CLASSIFICATION NUMBER | |
| Edition number | 23 |
| Classification number | 635.929 |
| Author mark and year | SUE 2015 |
| 100 ## - MAIN ENTRY--PERSONAL NAME | |
| Personal name | Sultana, Papia |
| 9 (RLIN) | 249957 |
| 245 ## - TITLE STATEMENT | |
| Title | Eco-friendly Pest control in Vegetable fields using Botanicals from Jute (Corchorus Capsularies) / |
| Statement of responsibility, etc. | by Papia Sultana ; |
| Linkage | Supervisor: Md. Abul Kalam Azad ; Co-supervisor: Md. Jahangir Alam |
| 260 ## - PUBLICATION, DISTRIBUTION, ETC. (IMPRINT) | |
| Place of publication, distribution, etc. | Rajshahi: |
| Name of publisher, distributor, etc. | Institute of Environmental Science, University of Rajshahi, |
| Date of publication, distribution, etc. | 2015 |
| 300 ## - PHYSICAL DESCRIPTION | |
| Pagination | [4], xiii, 148 leaves: |
| Illustrations | Ill. ; |
| Size | 29 cm. |
| 502 ## - DISSERTATION NOTE | |
| Dissertation note | Thesis (Ph. D.) -- Institute of Environmental Science, University of Rajshahi, 2015 |
| 650 ## - SUBJECT ADDED ENTRY--TOPICAL TERM | |
| Topical term or geographic name as entry element | Pests |
| General subdivision | Control |
| 9 (RLIN) | 249960 |
| 700 ## - ADDED ENTRY--PERSONAL NAME | |
| Personal name | Azad, Md. Abul Kalam, Supervisor |
| Personal name | Alam, Md. Jahangir, Co-supervisor |
| 942 ## - ADDED ENTRY ELEMENTS (KOHA) | |
| Source of classification or shelving scheme | Dewey Decimal Classification |
| Koha item type | Theses |
| Lost status | Source of classification or shelving scheme | Damaged status | Not for loan | Collection code | Permanent Location | Current Location | Shelving location | Date acquired | Source of acquisition | Total Checkouts | Full call number | Date last seen | Copy number | Koha item type |
|---|---|---|---|---|---|---|---|---|---|---|---|---|---|---|
| Dewey Decimal Classification | Not For Loan | Theses | Central Library, University of Rajshahi | Central Library, University of Rajshahi | Documentation Section | 26/07/2016 | Controller of Exam., R.U. | THE 635.929 SUE 2015 | 14/11/2021 | C-1 | Theses |